[Event "2019 Welsh Chess Championship"]
[Site "Cardiff"]
[Date "2019.04.22"]
[Round "6.9"]
[White "Jones, Derek"]
[Black "Davis, Lee"]
[Result "1-0"]
[WhiteElo "1925"]
[BlackElo "1922"]
[PlyCount "124"]
[EventDate "2019.04.19"]
[EventType "swiss"]
[EventRounds "7"]
[EventCountry "WLS"]

1. Nf3 {[%emt 0:01:15]} g6 {[%emt 0:00:09]} 2. c4 {[%emt 0:00:13]} Bg7 {
[%emt 0:00:05]} 3. Nc3 {[%emt 0:00:05]} c5 {[%emt 0:00:08]} 4. g3 {[%emt 0:01:
58]} Nc6 {[%emt 0:00:06]} 5. Bg2 {[%emt 0:00:04]} e6 {[%emt 0:00:08]} 6. O-O {
[%emt 0:00:51]} Nge7 {[%emt 0:00:03]} 7. d3 {[%emt 0:00:36]} O-O {[%emt 0:00:
06]} 8. a3 {[%emt 0:00:13]} d5 {[%emt 0:00:44]} 9. cxd5 {[%emt 0:08:51]} exd5 {
[%emt 0:01:33]} 10. Bf4 {[%emt 0:01:26]} a6 {[%emt 0:12:17]} 11. Qc2 {[%emt 0:
01:27]} b6 {[%emt 0:01:58]} 12. Rab1 {[%emt 0:02:03]} Bg4 {[%emt 0:01:52]} 13.
Qd2 {[%emt 0:04:30]} d4 {[%emt 0:11:43]} 14. Ne4 {[%emt 0:06:57]} Nd5 {[%emt 0:
00:42]} 15. Bh6 {[%emt 0:01:32]} Rc8 {[%emt 0:04:16]} 16. Bxg7 {[%emt 0:01:59]}
Kxg7 {[%emt 0:01:19]} 17. Qg5 {[%emt 0:08:52]} Qxg5 {[%emt 0:01:39]} 18. Nexg5
{[%emt 0:02:46]} h6 {[%emt 0:00:29]} 19. Ne4 {[%emt 0:00:31]} Rfd8 {[%emt 0:02:
56]} 20. Rfc1 {[%emt 0:02:40]} Be6 {[%emt 0:00:52]} 21. Ned2 {[%emt 0:03:42]}
Kf6 {[%emt 0:04:42]} 22. Rc2 {[%emt 0:01:00]} Ke7 {[%emt 0:00:39]} 23. Rbc1 {
[%emt 0:00:22]} g5 {[%emt 0:01:36]} 24. Nc4 {[%emt 0:08:15]} f6 {[%emt 0:06:20]
} 25. Kf1 {[%emt 0:10:23]} Rb8 {[%emt 0:02:47]} 26. Ncd2 {[%emt 0:02:14]} h5 {
[%emt 0:06:09]} 27. Nb1 {[%emt 0:05:46]} g4 {[%emt 0:08:34]} 28. Nfd2 {[%emt 0:
00:12]} Ne5 {[%emt 0:00:09]} 29. Ne4 {[%emt 0:07:02]} h4 {[%emt 0:01:00]} 30.
Ned2 {[%emt 0:01:18]} hxg3 {[%emt 0:01:00]} 31. hxg3 {[%emt 0:00:13]} f5 {
[%emt 0:01:34]} 32. Nc4 {[%emt 0:01:43]} Ng6 {[%emt 0:00:26]} 33. Ncd2 {
[%emt 0:01:38]} Rh8 {[%emt 0:00:32]} 34. Nc4 {[%emt 0:01:10]} Rh2 {[%emt 0:06:
09]} 35. e3 {[%emt 0:00:15]} b5 {[%emt 0:01:06]} 36. Na5 {[%emt 0:00:34]} Rbh8
{[%emt 0:04:47]} 37. exd4 {[%emt 0:00:11]} f4 {[%emt 0:00:52]} 38. Be4 {
[%emt 0:02:40]} fxg3 {[%emt 0:01:18]} 39. Bxd5 {[%emt 0:03:58]} Bxd5 {[%emt 0:
00:32]} 40. fxg3 {[%emt 0:00:43]} Rxc2 {[%emt 0:05:10]} 41. Rxc2 {[%emt 0:01:
35]} Rh1+ {[%emt 0:00:04]} 42. Ke2 {[%emt 0:00:26]} Rh2+ {[%emt 0:00:15]} 43.
Kd1 {[%emt 0:00:28]} Bf3+ {[%emt 0:00:08]} 44. Kc1 {[%emt 0:00:25]} Rh1+ {
[%emt 0:00:12]} 45. Kd2 {[%emt 0:00:08]} Rd1+ {[%emt 0:00:53]} 46. Kc3 {
[%emt 0:00:38]} cxd4+ {[%emt 0:00:15]} 47. Kxd4 {[%emt 0:00:10]} Rxb1 {[%emt 0:
00:06]} 48. Rc7+ {[%emt 0:00:57]} Kd8 {[%emt 0:01:28]} 49. Ra7 {[%emt 0:00:26]}
Rxb2 {[%emt 0:00:44]} 50. Rxa6 {[%emt 0:00:09]} Ne7 {[%emt 0:00:19]} 51. Ke5 {
[%emt 0:01:40]} Re2+ {[%emt 0:01:28]} 52. Kf6 {[%emt 0:02:12]} Nc8 {[%emt 0:04:
30]} 53. Nb3 {[%emt 0:00:30]} Rh2 {[%emt 0:03:32]} 54. Kg5 {[%emt 0:00:33]} Rc2
{[%emt 0:01:05]} 55. Nd4 {[%emt 0:00:39]} Rc5+ {[%emt 0:00:35]} 56. Kf4 {
[%emt 0:00:51]} Rc3 {[%emt 0:02:03]} 57. Nxf3 {[%emt 0:03:15]} gxf3 {[%emt 0:
00:08]} 58. Kxf3 {[%emt 0:00:09]} Rxd3+ {[%emt 0:00:10]} 59. Kf4 {[%emt 0:02:
55]} Kc7 {[%emt 0:03:53]} 60. g4 {[%emt 0:00:41]} Rd4+ {[%emt 0:00:55]} 61. Kf5
{[%emt 0:03:59]} Ne7+ {[%emt 0:05:31]} 62. Kf6 {[%emt 0:05:36]} Nc6 1-0

[Event "2019 Welsh Chess Championship"]
[Site "Cardiff"]
[Date "2019.04.22"]
[Round "6.10"]
[White "Rathbone-Jones, Ifan"]
[Black "Jukes, Sam"]
[Result "1-0"]
[WhiteElo "1854"]
[BlackElo "1892"]
[PlyCount "91"]
[EventDate "2019.04.19"]
[EventType "swiss"]
[EventRounds "7"]
[EventCountry "WLS"]

1. d4 {[%emt 0:00:01]} Nf6 {[%emt 0:00:13]} 2. c4 {[%emt 0:00:08]} e6 {[%emt 0:
00:06]} 3. Nc3 {[%emt 0:00:07]} Bb4 {[%emt 0:00:15]} 4. Qc2 {[%emt 0:02:20]} d5
{[%emt 0:02:47]} 5. Bg5 {[%emt 0:01:32]} h6 {[%emt 0:00:41]} 6. Bxf6 {[%emt 0:
00:44]} Qxf6 {[%emt 0:00:28]} 7. Nf3 {[%emt 0:01:08]} O-O {[%emt 0:04:48]} 8.
e3 {[%emt 0:00:19]} Nd7 {[%emt 0:02:27]} 9. cxd5 {[%emt 0:00:26]} exd5 {
[%emt 0:00:30]} 10. Bd3 {[%emt 0:00:07]} Re8 {[%emt 0:04:42]} 11. O-O {[%emt 0:
00:32]} Bxc3 {[%emt 0:00:39]} 12. bxc3 {[%emt 0:00:35]} c5 {[%emt 0:05:16]} 13.
Nd2 {[%emt 0:07:02]} g6 {[%emt 0:10:16]} 14. Rfe1 {[%emt 0:05:57]} b6 {[%emt 0:
12:50]} 15. Be2 {[%emt 0:08:35]} Nf8 {[%emt 0:04:28]} 16. Bf3 {[%emt 0:01:20]}
Bf5 {[%emt 0:03:03]} 17. Qb3 {[%emt 0:11:42]} Be4 {[%emt 0:02:33]} 18. a4 {
[%emt 0:03:16]} Nh7 {[%emt 0:05:33]} 19. Bxe4 {[%emt 0:04:01]} dxe4 {[%emt 0:
00:19]} 20. d5 {[%emt 0:04:44]} Qf5 {[%emt 0:08:22]} 21. c4 {[%emt 0:01:44]}
Reb8 {[%emt 0:03:40]} 22. Qc2 {[%emt 0:01:14]} Nf6 {[%emt 0:02:11]} 23. Nf1 {
[%emt 0:07:21]} Qe5 {[%emt 0:03:38]} 24. Reb1 {[%emt 0:02:48]} Ne8 {[%emt 0:03:
38]} 25. a5 {[%emt 0:02:59]} b5 {[%emt 0:03:16]} 26. cxb5 {[%emt 0:02:55]} Qxd5
{[%emt 0:00:43]} 27. Rd1 {[%emt 0:00:27]} Qe5 {[%emt 0:00:30]} 28. Rab1 {
[%emt 0:02:17]} Nc7 {[%emt 0:01:10]} 29. Qc4 {[%emt 0:00:50]} Rd8 {[%emt 0:02:
39]} 30. b6 {[%emt 0:01:45]} axb6 {[%emt 0:00:17]} 31. axb6 {[%emt 0:00:59]}
Ne6 {[%emt 0:00:36]} 32. Rxd8+ {[%emt 0:04:50]} Rxd8 {[%emt 0:03:57]} 33. Ng3 {
[%emt 0:00:39]} f5 {[%emt 0:00:27]} 34. Ne2 {[%emt 0:03:55]} Kg7 {[%emt 0:01:
41]} 35. Nc3 {[%emt 0:04:28]} Qd6 {[%emt 0:02:34]} 36. g3 {[%emt 0:00:58]} Ng5
{[%emt 0:01:14]} 37. Na4 {[%emt 0:03:52]} Ne6 {[%emt 0:04:34]} 38. Qb3 {
[%emt 0:07:01]} Kh7 {[%emt 0:01:15]} 39. b7 {[%emt 0:00:43]} Rb8 {[%emt 0:00:
33]} 40. Qb6 {[%emt 0:01:58]} Qd3 {[%emt 0:01:01]} 41. Rf1 {[%emt 0:00:42]} Qd7
{[%emt 0:01:39]} 42. Rb1 {[%emt 0:03:32]} Qxa4 {[%emt 0:07:11]} 43. Qxe6 {
[%emt 0:00:06]} Qc2 {[%emt 0:00:32]} 44. Qd7+ {[%emt 0:03:04]} Kg8 {[%emt 0:03:
07]} 45. Rd1 {[%emt 0:00:27]} Rf8 {[%emt 0:01:27]} 46. Qe6+ {[%emt 0:01:58]}
1-0

[Event "2019 Welsh Chess Championship"]
[Site "Cardiff"]
[Date "2019.04.22"]
[Round "7.1"]
[White "Kett, Tim"]
[Black "Bullen, Alex"]
[Result "1/2-1/2"]
[WhiteElo "2197"]
[BlackElo "2100"]
[PlyCount "28"]
[EventDate "2019.04.19"]
[EventType "swiss"]
[EventRounds "7"]
[EventCountry "WLS"]

1. e4 {[%emt 2:55:56]} c6 {[%emt 0:00:19]} 2. d4 {[%emt 0:00:16]} d5 {[%emt 0:
00:04]} 3. e5 {[%emt 0:00:16]} Bf5 {[%emt 0:00:07]} 4. Nf3 {[%emt 0:00:06]} e6
{[%emt 0:00:06]} 5. Be2 {[%emt 0:00:05]} Nd7 {[%emt 0:00:06]} 6. O-O {[%emt 0:
00:06]} Ne7 {[%emt 0:00:10]} 7. Nbd2 {[%emt 0:00:11]} Nc8 {[%emt 0:00:12]} 8.
c4 {[%emt 0:05:17]} dxc4 {[%emt 0:04:01]} 9. Bxc4 {[%emt 0:01:01]} Ndb6 {
[%emt 0:02:59]} 10. Bb3 {[%emt 0:00:52]} Nd5 {[%emt 0:01:14]} 11. Qe2 {[%emt 0:
06:03]} Nf4 {[%emt 0:05:08]} 12. Qe3 {[%emt 0:00:25]} Nd5 {[%emt 0:00:08]} 13.
Qe2 {[%emt 0:00:11]} Nf4 {[%emt 0:00:38]} 14. Qe3 {[%emt 0:00:06]} Nd5 {
[%emt 0:00:06]} 1/2-1/2

[Event "2019 Welsh Chess Championship"]
[Site "Cardiff"]
[Date "2019.04.22"]
[Round "7.2"]
[White "Brown, Thomas"]
[Black "Garcia, Jason"]
[Result "1/2-1/2"]
[WhiteElo "2079"]
[BlackElo "2024"]
[PlyCount "40"]
[EventDate "2019.04.19"]
[EventType "swiss"]
[EventRounds "7"]
[EventCountry "WLS"]

1. Nf3 {[%emt 0:00:01]} d5 {[%emt 0:00:05]} 2. c4 {[%emt 0:00:25]} e6 {[%emt 0:
00:07]} 3. e3 {[%emt 0:00:26]} Nf6 {[%emt 0:00:14]} 4. b3 {[%emt 0:00:06]} Nbd7
{[%emt 0:01:23]} 5. Bb2 {[%emt 0:00:56]} Bd6 {[%emt 0:01:45]} 6. cxd5 {[%emt 0:
02:15]} exd5 {[%emt 0:00:03]} 7. d4 {[%emt 0:04:57]} Ne4 {[%emt 0:03:44]} 8.
Be2 {[%emt 0:05:04]} O-O {[%emt 0:01:51]} 9. O-O {[%emt 0:00:24]} c6 {[%emt 0:
01:55]} 10. Nc3 {[%emt 0:10:22]} f5 {[%emt 0:01:40]} 11. a3 {[%emt 0:08:09]} a5
{[%emt 0:03:30]} 12. Ne5 {[%emt 0:11:00]} Qe7 {[%emt 0:12:18]} 13. Nxd7 {
[%emt 0:01:06]} Bxd7 {[%emt 0:00:23]} 14. Qe1 {[%emt 0:14:08]} Rf6 {[%emt 0:05:
38]} 15. f4 {[%emt 0:03:29]} Re6 {[%emt 0:02:35]} 16. Nxe4 {[%emt 0:02:23]}
Rxe4 {[%emt 0:00:22]} 17. Bc1 {[%emt 0:00:27]} g6 {[%emt 0:01:23]} 18. Bd3 {
[%emt 0:01:28]} Re6 {[%emt 0:00:05]} 19. Rf3 {[%emt 0:02:27]} Kh8 {[%emt 0:05:
07]} 20. Bd2 {[%emt 0:04:19]} b6 {[%emt 0:07:30]} 1/2-1/2

[Event "2019 Welsh Chess Championship"]
[Site "Cardiff"]
[Date "2019.04.22"]
[Round "7.3"]
[White "Young, Alan"]
[Black "Sands, David A"]
[Result "1/2-1/2"]
[WhiteElo "2021"]
[BlackElo "2109"]
[PlyCount "54"]
[EventDate "2019.04.19"]
[EventType "swiss"]
[EventRounds "7"]
[EventCountry "WLS"]

1. e4 {[%emt 0:00:02]} c5 {[%emt 0:00:09]} 2. Nf3 {[%emt 0:00:05]} e6 {[%emt 0:
00:05]} 3. d4 {[%emt 0:00:06]} cxd4 {[%emt 0:00:04]} 4. Nxd4 {[%emt 0:00:05]}
Nc6 {[%emt 0:00:06]} 5. Nc3 {[%emt 0:00:17]} Qc7 {[%emt 0:00:05]} 6. g3 {
[%emt 0:00:21]} a6 {[%emt 0:00:07]} 7. Bg2 {[%emt 0:00:22]} h5 {[%emt 0:01:04]}
8. h3 {[%emt 0:05:07]} h4 {[%emt 0:00:21]} 9. g4 {[%emt 0:00:11]} Bc5 {[%emt 0:
00:54]} 10. Be3 {[%emt 0:01:37]} Qb6 {[%emt 0:00:48]} 11. Nce2 {[%emt 0:07:13]}
Nxd4 {[%emt 0:01:41]} 12. Bxd4 {[%emt 0:06:19]} Bxd4 {[%emt 0:00:25]} 13. Qxd4
{[%emt 0:01:17]} Qxd4 {[%emt 0:00:08]} 14. Nxd4 {[%emt 0:00:02]} Ne7 {[%emt 0:
03:08]} 15. f4 {[%emt 0:08:09]} Ng6 {[%emt 0:12:02]} 16. O-O {[%emt 0:03:45]}
d6 {[%emt 0:03:06]} 17. Rad1 {[%emt 0:13:40]} Bd7 {[%emt 0:27:58]} 18. c3 {
[%emt 0:27:38]} O-O-O {[%emt 0:08:38]} 19. c4 {[%emt 0:03:51]} Kc7 {[%emt 0:05:
05]} 20. b4 {[%emt 0:02:16]} e5 {[%emt 0:08:04]} 21. Ne2 Nxf4 22. Nxf4 exf4 23.
Rxf4 {[%emt 0:00:41]} Be6 {[%emt 0:00:08]} 24. Rc1 {[%emt 0:00:59]} Rc8 {
[%emt 0:04:10]} 25. Rf2 {[%emt 0:01:18]} Kb8 {[%emt 0:05:10]} 26. Rfc2 {
[%emt 0:01:46]} Rc7 {[%emt 0:00:59]} 27. Bf1 {[%emt 0:07:14]} Rhc8 {[%emt 0:04:
24]} 1/2-1/2

[Event "2019 Welsh Chess Championship"]
[Site "Cardiff"]
[Date "2019.04.22"]
[Round "7.4"]
[White "Mcgregor, John"]
[Black "Jameson, David"]
[Result "0-1"]
[WhiteElo "1856"]
[BlackElo "2081"]
[PlyCount "70"]
[EventDate "2019.04.19"]
[EventType "swiss"]
[EventRounds "7"]
[EventCountry "WLS"]

1. e4 {[%emt 2:42:45]} e5 {[%emt 0:01:30]} 2. Nf3 {[%emt 0:01:54]} Nc6 {
[%emt 0:00:03]} 3. d4 {[%emt 0:00:22]} exd4 {[%emt 0:00:07]} 4. Nxd4 {[%emt 0:
00:10]} Nf6 {[%emt 0:00:13]} 5. Nxc6 {[%emt 0:01:46]} bxc6 {[%emt 0:00:07]} 6.
Bd3 {[%emt 0:01:56]} d5 {[%emt 0:00:09]} 7. e5 {[%emt 0:01:33]} Ng4 {[%emt 0:
00:11]} 8. O-O {[%emt 0:00:28]} Bc5 {[%emt 0:02:05]} 9. Bf4 {[%emt 0:00:25]} g5
{[%emt 0:00:28]} 10. Bg3 {[%emt 0:01:09]} h5 {[%emt 0:15:04]} 11. Be2 {[%emt 0:
02:59]} Qe7 {[%emt 0:13:33]} 12. h3 {[%emt 0:04:04]} h4 {[%emt 0:01:28]} 13.
Bxg4 {[%emt 0:08:22]} hxg3 {[%emt 0:00:09]} 14. Bxc8 {[%emt 0:02:13]} Rxc8 {
[%emt 0:01:27]} 15. Qe2 {[%emt 0:14:45]} Qe6 {[%emt 0:10:38]} 16. Nd2 {[%emt 0:
03:43]} Rxh3 {[%emt 0:03:23]} 17. gxh3 {[%emt 0:00:09]} Qxh3 {[%emt 0:00:09]}
18. Nf3 {[%emt 0:00:12]} g4 {[%emt 0:02:34]} 19. Qa6 {[%emt 0:02:03]} gxf2+ {
[%emt 0:01:04]} 20. Rxf2 {[%emt 0:00:27]} Bxf2+ {[%emt 0:04:41]} 21. Kxf2 {
[%emt 0:00:15]} Qxf3+ {[%emt 0:00:08]} 22. Ke1 {[%emt 0:01:25]} Kd7 {[%emt 0:
03:10]} 23. Qf1 {[%emt 0:07:50]} Qxf1+ {[%emt 0:04:05]} 24. Kxf1 {[%emt 0:00:
05]} Ke6 {[%emt 0:00:55]} 25. Re1 {[%emt 0:00:39]} Rb8 {[%emt 0:00:40]} 26. b3
{[%emt 0:00:09]} Rb4 {[%emt 0:00:20]} 27. c4 {[%emt 0:01:57]} dxc4 {[%emt 0:07:
10]} 28. bxc4 {[%emt 0:00:15]} Rxc4 {[%emt 0:00:06]} 29. Kg2 {[%emt 0:01:33]}
Rc5 {[%emt 0:03:41]} 30. Kg3 {[%emt 0:01:03]} Rxe5 {[%emt 0:00:06]} 31. Rc1 {
[%emt 0:00:11]} f5 {[%emt 0:09:31]} 32. Rxc6+ {[%emt 0:03:28]} Kd7 33. Ra6 Re3+
34. Kf2 {[%emt 0:01:07]} f4 {[%emt 0:01:58]} 35. Rf6 {[%emt 0:05:13]} g3+ {
[%emt 0:00:12]} 0-1

[Event "2019 Welsh Chess Championship"]
[Site "Cardiff"]
[Date "2019.04.22"]
[Round "7.5"]
[White "Yeo, Gareth"]
[Black "Camp, Imogen A L"]
[Result "1/2-1/2"]
[WhiteElo "1963"]
[BlackElo "1827"]
[PlyCount "55"]
[EventDate "2019.04.19"]
[EventType "swiss"]
[EventRounds "7"]
[EventCountry "WLS"]

1. c4 {[%emt 0:02:18]} e6 {[%emt 0:00:33]} 2. d4 {[%emt 0:00:04]} d5 {[%emt 0:
00:04]} 3. Nc3 {[%emt 0:00:03]} Nf6 {[%emt 0:00:04]} 4. cxd5 {[%emt 0:00:04]}
exd5 {[%emt 0:00:03]} 5. Bg5 {[%emt 0:00:07]} Be7 {[%emt 0:00:05]} 6. e3 {
[%emt 0:00:04]} O-O {[%emt 0:00:15]} 7. Bd3 {[%emt 0:00:04]} c6 {[%emt 0:00:29]
} 8. Qc2 {[%emt 0:00:04]} Nbd7 {[%emt 0:00:09]} 9. h3 {[%emt 0:00:08]} Re8 {
[%emt 0:01:01]} 10. Nge2 {[%emt 0:00:17]} Nf8 {[%emt 0:02:54]} 11. g4 {[%emt 0:
01:55]} Ne4 {[%emt 0:01:34]} 12. Bxe7 {[%emt 0:01:10]} Qxe7 {[%emt 0:00:04]}
13. Bxe4 {[%emt 0:00:07]} dxe4 {[%emt 0:00:50]} 14. Ng3 {[%emt 0:00:06]} Ng6 {
[%emt 0:01:19]} 15. Qxe4 {[%emt 0:04:45]} Qd8 {[%emt 0:02:26]} 16. Qd3 {
[%emt 0:02:00]} Nf4 {[%emt 0:01:07]} 17. Qd2 {[%emt 0:00:10]} Qh4 {[%emt 0:06:
06]} 18. O-O-O {[%emt 0:04:50]} Nxh3 {[%emt 0:00:43]} 19. Rh2 {[%emt 0:19:59]}
Qxg4 {[%emt 0:04:18]} 20. Rdh1 {[%emt 0:02:43]} Ng5 {[%emt 0:00:38]} 21. Rh4 {
[%emt 0:00:33]} Qf3 {[%emt 0:09:10]} 22. Qc2 {[%emt 0:02:09]} h6 {[%emt 0:03:
48]} 23. R1h2 {[%emt 0:10:10]} Rxe3 {[%emt 0:16:53]} 24. fxe3 {[%emt 0:02:19]}
Qxe3+ {[%emt 0:00:24]} 25. Kb1 {[%emt 0:01:30]} Qxg3 {[%emt 0:01:59]} 26. Ne2 {
[%emt 0:01:20]} Qe1+ {[%emt 0:04:10]} 27. Nc1 {[%emt 0:00:10]} Nf3 {[%emt 0:04:
12]} 28. Re2 {[%emt 0:00:21]} 1/2-1/2

[Event "2019 Welsh Chess Championship"]
[Site "Cardiff"]
[Date "2019.04.22"]
[Round "7.6"]
[White "Davis, Lee"]
[Black "Van Kemenade, Rudy"]
[Result "1/2-1/2"]
[WhiteElo "1922"]
[BlackElo "1925"]
[PlyCount "56"]
[EventDate "2019.04.19"]
[EventType "swiss"]
[EventRounds "7"]
[EventCountry "WLS"]

1. d4 {[%emt 0:00:02]} Nf6 {[%emt 0:00:06]} 2. g3 {[%emt 0:00:08]} g6 {[%emt 0:
00:04]} 3. Bg2 {[%emt 0:00:03]} Bg7 {[%emt 0:00:06]} 4. Nf3 {[%emt 0:00:03]} d6
{[%emt 0:00:06]} 5. O-O {[%emt 0:00:05]} O-O {[%emt 0:00:04]} 6. c4 {[%emt 0:
00:03]} Nc6 {[%emt 0:00:04]} 7. Nc3 {[%emt 0:00:04]} e5 {[%emt 0:00:04]} 8. d5
{[%emt 0:00:11]} Nb8 {[%emt 0:00:06]} 9. Ne1 {[%emt 0:00:59]} a5 {[%emt 0:00:
36]} 10. Nd3 {[%emt 0:00:38]} Na6 {[%emt 0:00:06]} 11. a3 {[%emt 0:00:33]} Nd7
{[%emt 0:00:45]} 12. e4 {[%emt 0:00:42]} f5 {[%emt 0:00:06]} 13. b4 {[%emt 0:
00:42]} b6 {[%emt 0:00:57]} 14. Rb1 {[%emt 0:00:44]} axb4 {[%emt 0:00:07]} 15.
axb4 {[%emt 0:00:05]} f4 {[%emt 0:00:24]} 16. f3 {[%emt 0:11:53]} g5 {[%emt 0:
00:06]} 17. Ra1 {[%emt 0:00:53]} Rb8 {[%emt 0:00:07]} 18. Bh3 {[%emt 0:01:10]}
Nf6 {[%emt 0:00:10]} 19. Bxc8 {[%emt 0:00:17]} Qxc8 {[%emt 0:00:13]} 20. g4 {
[%emt 0:01:27]} Ra8 {[%emt 0:00:24]} 21. Bd2 {[%emt 0:00:58]} h5 {[%emt 0:00:
07]} 22. h3 {[%emt 0:00:07]} Qb7 {[%emt 0:00:40]} 23. b5 {[%emt 0:01:53]} Nc5 {
[%emt 0:00:07]} 24. Nxc5 {[%emt 0:00:13]} dxc5 {[%emt 0:00:23]} 25. Qc2 {
[%emt 0:00:47]} Rxa1 {[%emt 0:00:07]} 26. Rxa1 {[%emt 0:00:03]} hxg4 {[%emt 0:
00:09]} 27. hxg4 {[%emt 0:00:06]} Ne8 {[%emt 0:00:11]} 28. Ne2 {[%emt 0:04:23]}
Nd6 {[%emt 0:03:16]} 1/2-1/2

[Event "2019 Welsh Chess Championship"]
[Site "Cardiff"]
[Date "2019.04.22"]
[Round "7.7"]
[White "Heaven, Pete"]
[Black "Fathallah, Joe"]
[Result "1/2-1/2"]
[WhiteElo "2017"]
[BlackElo "1958"]
[PlyCount "23"]
[EventDate "2019.04.19"]
[EventType "swiss"]
[EventRounds "7"]
[EventCountry "WLS"]

1. e4 {[%emt 0:01:15]} b6 {[%emt 0:00:10]} 2. d4 {[%emt 0:00:54]} Bb7 {[%emt 0:
00:05]} 3. Nc3 {[%emt 0:00:25]} e6 {[%emt 0:00:16]} 4. Nf3 {[%emt 0:01:15]} Bb4
{[%emt 0:00:08]} 5. Bd3 {[%emt 0:00:09]} Nf6 {[%emt 0:00:11]} 6. Qe2 {[%emt 0:
02:39]} d5 {[%emt 0:00:12]} 7. exd5 {[%emt 0:00:12]} Qxd5 {[%emt 0:00:45]} 8.
O-O {[%emt 0:11:01]} Qh5 {[%emt 0:04:14]} 9. Ne5 {[%emt 0:05:17]} Qxe2 {
[%emt 0:02:05]} 10. Nxe2 {[%emt 0:00:54]} O-O {[%emt 0:01:51]} 11. Ng3 {
[%emt 0:08:04]} Nbd7 {[%emt 0:02:29]} 12. Nxd7 {[%emt 0:01:38]} 1/2-1/2

[Event "2019 Welsh Chess Championship"]
[Site "Cardiff"]
[Date "2019.04.22"]
[Round "7.8"]
[White "Rathbone-Jones, Ifan"]
[Black "Turner, Joseph David"]
[Result "1/2-1/2"]
[WhiteElo "1854"]
[BlackElo "1846"]
[PlyCount "116"]
[EventDate "2019.04.19"]
[EventType "swiss"]
[EventRounds "7"]
[EventCountry "WLS"]

1. d4 {[%emt 0:00:02]} Nf6 {[%emt 0:00:04]} 2. c4 {[%emt 0:00:08]} g6 {[%emt 0:
00:06]} 3. Nc3 {[%emt 0:00:04]} Bg7 {[%emt 0:00:06]} 4. e4 {[%emt 0:00:09]} d6
{[%emt 0:00:21]} 5. Be2 {[%emt 0:02:25]} O-O {[%emt 0:00:53]} 6. h4 {[%emt 0:
00:43]} c5 {[%emt 0:03:49]} 7. d5 {[%emt 0:01:47]} b5 {[%emt 0:09:45]} 8. cxb5
{[%emt 0:03:27]} a6 {[%emt 0:00:25]} 9. bxa6 {[%emt 0:00:44]} Qa5 {[%emt 0:03:
34]} 10. Bd2 {[%emt 0:00:31]} Bxa6 {[%emt 0:03:19]} 11. Nf3 {[%emt 0:00:55]}
Qb4 {[%emt 0:04:41]} 12. Bxa6 {[%emt 0:02:15]} Nxa6 {[%emt 0:02:16]} 13. Qc2 {
[%emt 0:00:15]} Qc4 {[%emt 0:17:50]} 14. b3 {[%emt 0:05:08]} Nb4 {[%emt 0:02:
07]} 15. Qd1 {[%emt 0:00:30]} Qd3 {[%emt 0:17:42]} 16. Qb1 {[%emt 0:00:16]}
Qxb1+ {[%emt 0:05:55]} 17. Rxb1 {[%emt 0:00:07]} Nxa2 {[%emt 0:00:13]} 18. O-O
{[%emt 0:01:34]} Nxc3 {[%emt 0:03:40]} 19. Bxc3 {[%emt 0:00:10]} Nxe4 {[%emt 0:
00:14]} 20. Bxg7 {[%emt 0:00:04]} Kxg7 {[%emt 0:00:07]} 21. Rfe1 {[%emt 0:00:
17]} Nc3 {[%emt 0:01:34]} 22. Rbc1 {[%emt 0:01:11]} Nxd5 {[%emt 0:00:15]} 23.
Rcd1 {[%emt 0:00:11]} e6 {[%emt 0:00:22]} 24. Ng5 {[%emt 0:03:09]} Rfe8 {
[%emt 0:05:53]} 25. Rd3 {[%emt 0:02:19]} h6 {[%emt 0:03:11]} 26. Ne4 {[%emt 0:
00:24]} Red8 {[%emt 0:00:44]} 27. g4 {[%emt 0:00:17]} f5 {[%emt 0:07:20]} 28.
Ng3 {[%emt 0:00:34]} Nc7 {[%emt 0:05:05]} 29. gxf5 {[%emt 0:00:34]} e5 {
[%emt 0:01:06]} 30. fxg6 {[%emt 0:02:57]} Kxg6 {[%emt 0:00:47]} 31. Ne4 {
[%emt 0:00:24]} Nb5 {[%emt 0:00:21]} 32. Rg3+ {[%emt 0:00:36]} Kf7 {[%emt 0:00:
49]} 33. Kh2 {[%emt 0:02:11]} Nd4 {[%emt 0:00:26]} 34. Reg1 {[%emt 0:01:09]}
Nf5 {[%emt 0:01:09]} 35. Rf3 {[%emt 0:00:08]} Ke6 {[%emt 0:00:24]} 36. Rg6+ {
[%emt 0:00:14]} Kd5 {[%emt 0:00:21]} 37. Nf6+ {[%emt 0:00:20]} Ke6 {[%emt 0:00:
48]} 38. Ng4+ {[%emt 0:00:39]} Kd5 {[%emt 0:00:18]} 39. Rxf5 {[%emt 0:00:14]}
Ra3 {[%emt 0:00:17]} 40. Rf3 {[%emt 0:02:52]} e4 {[%emt 0:01:14]} 41. Ne3+ {
[%emt 0:01:14]} Kc6 {[%emt 0:03:44]} 42. Rf4 Rxb3 43. Rxe4 Rf8 44. Kg3 {
[%emt 0:02:52]} h5 {[%emt 0:02:12]} 45. Ree6 {[%emt 0:00:53]} Rd3 {[%emt 0:00:
29]} 46. Kg2 {[%emt 0:01:22]} Rd2 {[%emt 0:00:25]} 47. Ref6 {[%emt 0:00:36]}
Rxf6 {[%emt 0:01:14]} 48. Rxf6 {[%emt 0:00:05]} Kd7 {[%emt 0:02:32]} 49. Rf5 {
[%emt 0:00:38]} Ke6 {[%emt 0:00:13]} 50. Rxh5 {[%emt 0:00:06]} d5 {[%emt 0:00:
25]} 51. Rxd5 {[%emt 0:07:15]} Rxd5 {[%emt 0:00:07]} 52. Nxd5 {[%emt 0:00:01]}
Kxd5 {[%emt 0:00:08]} 53. Kf3 {[%emt 0:00:04]} Ke5 {[%emt 0:03:09]} 54. Ke3 {
[%emt 0:00:41]} Kf5 {[%emt 0:00:30]} 55. Kd3 {[%emt 0:00:22]} Kg4 {[%emt 0:00:
14]} 56. Kc4 {[%emt 0:00:08]} Kxh4 {[%emt 0:00:07]} 57. Kxc5 {[%emt 0:00:11]}
Kg4 {[%emt 0:00:05]} 58. f4 {[%emt 0:00:03]} Kxf4 {[%emt 0:00:04]} 1/2-1/2

[Event "2019 Welsh Chess Championship"]
[Site "Cardiff"]
[Date "2019.04.22"]
[Round "7.9"]
[White "Guha, Chirag"]
[Black "Jones, Derek"]
[Result "0-1"]
[WhiteElo "1941"]
[BlackElo "1925"]
[PlyCount "94"]
[EventDate "2019.04.19"]
[EventType "swiss"]
[EventRounds "7"]
[EventCountry "WLS"]

1. d4 Nf6 2. c4 g6 3. g3 Bg7 4. Bg2 d5 5. cxd5 Nxd5 6. Nf3 O-O 7. O-O c5 8. e4
Nb6 9. d5 Bg4 10. Qc2 Na6 11. a3 f5 12. Rd1 fxe4 13. Qxe4 Bf5 14. Qe2 Nc7 15.
Nh4 Qd7 16. Nxf5 Qxf5 17. Be4 Qf6 18. Nc3 Rad8 19. Bf4 e5 20. Be3 Na6 21. Rac1
Rfe8 22. Nb5 Nc8 23. Bxc5 Nxc5 24. Rxc5 Bf8 25. Rc2 Bd6 26. Rdc1 Bb8 27. Nc7
Bxc7 28. Rxc7 Nd6 29. f3 Re7 30. a4 Rxc7 31. Rxc7 Nxe4 32. Rxb7 Ng5 33. Rb3 Rf8
34. Kg2 Qd6 35. Qc4 Rd8 36. h4 Nf7 37. Rb5 a6 38. Rc5 Kg7 39. b4 Qb6 40. Rc6
Qe3 41. Rxa6 Qd2+ 42. Kg1 Rxd5 43. b5 Qe3+ 44. Kg2 Rd2+ 45. Kh3 Qg1 46. f4 Qh1+
47. Kg4 h5# 0-1